000 00260nam a22001217a 4500
020 _a0-7214-1576-8
082 _a823
_bHUN/T
100 _aHUNIA FRAN
245 _aTHE THREE LITTLE PIGS
260 _aUK
_bLADY BIRD
650 _aENGLISH SHORT STORY
942 _cBK
999 _c2108
_d2108